Nobody - Hozier (All Lyrics) - Statistics

General Stats
  • This quiz has been taken 9 times
  • The average score is 132 of 242
Answer Stats
Lyrics % Correct
a
100%
about
100%
about,
100%
I
100%
in
100%
it's
100%
It's
100%
know
100%
o'clock
100%
think
100%
twelve
100%
when
100%
You
100%
you
100%
And
80%
and
80%
baby
80%
do,
80%
don't
80%
ever
80%
gin
80%
love
80%
love,
80%
Abu
60%
back
60%
be
60%
been
60%
by
60%
danced
60%
Dhabi
60%
everywhere
60%
everywhere,
60%
fools
60%
go
60%
I've
60%
LA
60%
real
60%
slow
60%
Soho,
60%
suicide
60%
the
60%
The
60%
Tuesday
60%
up,
60%
wake
60%
we
60%
We
60%
where
60%
bed
40%
But
40%
could
40%
couldn't
40%
done
40%
everythin'
40%
fall
40%
fed
40%
for
40%
from
40%
gold
40%
had
40%
have
40%
Honey,
40%
honey,
40%
I'd
40%
like
40%
no
40%
nobody
40%
on
40%
saint
40%
someone
40%
sweet
40%
that
40%
though,
40%
thought
40%
thousand,
40%
to
40%
try
40%
want
40%
warm
40%
Wednesday
40%
why
40%
wouldn't
40%
your
40%
appalled
20%
At
20%
between
20%
body,
20%
burnin'
20%
chance,
20%
choice
20%
deny
20%
dodgy
20%
either
20%
everything
20%
first
20%
hands
20%
hearing
20%
if
20%
If
20%
less
20%
lie
20%
Maserati,
20%
misbehave
20%
molly
20%
my
20%
noise
20%
of
20%
once
20%
ooh,
20%
or
20%
other
20%
over
20%
Rockettes
20%
saw
20%
should
20%
side,
20%
soothing
20%
Still,
20%
take
20%
truth?
20%
voice
20%
warmed
20%
with
20%
won't
20%
woo
20%
worry
20%
excitement
0%
No matching quizzes found
Score Distribution
Percent of People with Each Score
Percentile by Number Answered
Your Score History
You have not taken this quiz